| 000 | 00451cam a2200169ua 4500 | ||
|---|---|---|---|
| 020 | _a0-471-16124-1 | ||
| 041 |
_aeng _h |
||
| 082 |
_a030.660 284 2 _bRUT/EN |
||
| 100 | _aRuthren, Douglas M . | ||
| 245 | 0 | 0 |
_aEncyclopaedia of seperation technology, Vol 1 / _cDouglas M Ruthren. _hTextual Documents |
| 250 |
_a1 / _b. |
||
| 260 |
_aLondon : _bJohn Wiley & Sons , _c1997. |
||
| 300 | _a828 ; . | ||
| 504 | _a | ||
| 942 | _cBK | ||
| 999 |
_c8991 _d8991 |
||